Focus on family life. (Record no. 14531)

000 -LEADER
fixed length control field 00648nam a2200205 a 4500
001 - CONTROL NUMBER
control field :::00012363$&:&@@
003 - CONTROL NUMBER IDENTIFIER
control field OkBaRHE
005 - DATE AND TIME OF LATEST TRANSACTION
control field 20000607103418.0
008 - FIXED-LENGTH DATA ELEMENTS--GENERAL INFORMATION
fixed length control field s1971 j 000 0 eng u
040 ## - CATALOGING SOURCE
Transcribing agency
100 1# - MAIN ENTRY--PERSONAL NAME
Personal name Hunt, Gladys M.
245 10 - TITLE STATEMENT
Title Focus on family life.
260 ## - PUBLICATION, DISTRIBUTION, ETC. (IMPRINT)
Place of publication, distribution, etc Grand Rapids, MI., :
Name of publisher, distributor, etc Baker Book House
Date of publication, distribution, etc 1971
300 ## - PHYSICAL DESCRIPTION
Extent 79 p. ;
Dimensions 18 cm.
490 0# - SERIES STATEMENT
Series statement Contemporary discussion series.
650 ## - SUBJECT ADDED ENTRY--TOPICAL TERM
Topical term or geographic name as entry element Family
General subdivision Religious Life
650 ## - SUBJECT ADDED ENTRY--TOPICAL TERM
Topical term or geographic name as entry element Family Life Education
942 ## - ADDED ENTRY ELEMENTS (KOHA)
Source of classification or shelving scheme
Koha item type Books
Copies
Copy number Price effective from Not for loan Full call number Koha item type Shelving location Lost status Barcode Source of classification or shelving scheme Date last seen Damaged status Current Location Date acquired Withdrawn status Permanent Location
12010-04-14 HQ 10 H85BooksGeneral Stacks 12363 2010-04-14 RHEMA Bible Training College2010-04-14 RHEMA Bible Training College